[Event "Cto Preferente Norte Individual"]
[Site "Centre Polivalent - C/ Isaac P"]
[Date "2011.11.19"]
[Round "6"]
[White "Pales Garcia, Pere"]
[Black "Forano Civera, Miguel"]
[Result "1-0"]
[WhiteElo "1900"]
[BlackElo "1992"]
[PlyCount "61"]
[EventDate "2011.10.01"]
[EventRounds "7"]
[EventCountry "ESP"]

1. e4 c5 2. Nc3 Nc6 3. Nge2 g6 4. d4 cxd4 5. Nxd4 Bg7 6. Be3 Nf6 7. f3 O-O 8.
Qd2 d5 9. O-O-O dxe4 10. Nxe4 Nxe4 11. fxe4 Nxd4 12. Bxd4 Bxd4 13. Qxd4 Qa5 14.
Bc4 Bg4 15. Rdf1 Rad8 16. Qe3 Qb4 17. Bd5 Bd7 18. Rf4 e6 19. e5 Qa5 20. Bb3 Qb6
21. Qh3 Qa5 22. Qe3 Qb6 23. Qg3 Bc6 24. Rhf1 Bd5 25. Bxd5 Rxd5 26. Rf6 Qd4 27.
Qf3 Rfd8 28. c3 Qd2+ 29. Kb1 Rb5 30. b4 Rd3 31. Rxg6+ 1-0

[Event "Cto Preferente Norte Individual"]
[Site "Centre Polivalent - C/ Isaac P"]
[Date "2011.11.19"]
[Round "6"]
[White "Garcia Martinez, Cesar"]
[Black "Poveda Cano, Luis"]
[Result "1-0"]
[WhiteElo "1997"]
[BlackElo "1875"]
[PlyCount "47"]
[EventDate "2011.10.01"]
[EventRounds "7"]
[EventCountry "ESP"]

1. e4 c5 2. Nf3 d6 3. d4 cxd4 4. Nxd4 Nf6 5. Nc3 g6 6. Be3 Bg7 7. f3 O-O 8. Bc4
Nc6 9. Qd2 Bd7 10. O-O-O Rc8 11. Bb3 Ne5 12. h4 h5 13. g4 hxg4 14. h5 Nxh5 15.
Bh6 e6 16. Bxg7 Kxg7 17. f4 Nf3 18. Nxf3 gxf3 19. Qe3 Qf6 20. f5 Rxc3 21. bxc3
exf5 22. e5 Qe7 23. Rxd6 Re8 24. Rxh5 1-0

[Event "Cto Preferente Norte Individual"]
[Site "Centre Polivalent - C/ Isaac P"]
[Date "2011.11.19"]
[Round "6"]
[White "Cerdan Herraez, Manuel Vicente"]
[Black "Benito Vicente, Jose Oscar"]
[Result "0-1"]
[WhiteElo "1835"]
[BlackElo "1973"]
[PlyCount "96"]
[EventDate "2011.10.01"]
[EventRounds "7"]
[EventCountry "ESP"]

1. e4 d5 2. exd5 Nf6 3. c4 c6 4. dxc6 Nxc6 5. Nf3 e5 6. Nc3 Bf5 7. Nh4 Bg4 8.
Be2 Bxe2 9. Qxe2 Bc5 10. O-O O-O 11. Nf5 Qd7 12. Ne3 Nd4 13. Qd1 Rfe8 14. b3
Rad8 15. Ncd5 Ne4 16. f3 Ng5 17. Bb2 Qd6 18. Bc3 Qg6 19. Kh1 Nge6 20. Qe1 Nf4
21. Qg3 Qxg3 22. hxg3 Nfe2 23. g4 Ng3+ 24. Kg1 Nde2+ 25. Kf2 Nxf1 26. Rxf1 Nxc3
27. dxc3 b5 28. Ke2 bxc4 29. bxc4 Rb8 30. Kd3 Rb2 31. Ra1 f6 32. a4 Reb8 33. a5
Kf7 34. a6 Ke6 35. Ra5 Bb6 36. Nxb6 R8xb6 37. Nd5 Rd6 38. Rc5 Rxg2 39. Rc8 Ra2
40. Re8+ Kf7 41. Re7+ Kf8 42. Rxa7 Raxa6 43. Rb7 Ra8 44. Rc7 Rad8 45. Ke4 R8d7
46. Rc5 Kf7 47. Ne3 g6 48. Rc8 Rd4+ 0-1

[Event "Cto Preferente Norte Individual"]
[Site "Centre Polivalent - C/ Isaac P"]
[Date "2011.11.26"]
[Round "7"]
[White "Tarazona Macivor, Cristobal"]
[Black "Insa Alfonso, Pablo"]
[Result "0-1"]
[WhiteElo "1745"]
[BlackElo "2050"]
[PlyCount "98"]
[EventDate "2011.10.01"]
[EventRounds "7"]
[EventCountry "ESP"]

1. Nf3 d5 2. g3 f5 3. d3 Nf6 4. Bg2 c5 5. Nbd2 Nc6 6. O-O e5 7. e4 fxe4 8. dxe4
dxe4 9. Ng5 Bg4 10. f3 exf3 11. Bxf3 h6 12. Bxg4 Qd4+ 13. Kh1 hxg5 14. Be6 Qd6
15. Bf5 Ne7 16. Qf3 Nxf5 17. Qxf5 g4 18. c4 Be7 19. Re1 Rh5 20. Qg6+ Kd7 21.
Ne4 Qc6 22. Kg1 Rah8 23. Nxf6+ gxf6 24. Qxg4+ f5 25. Qd1+ Kc8 26. Re2 f4 27.
Bxf4 exf4 28. Rxe7 Rxh2 29. Qg4+ Kb8 30. Qxf4+ Ka8 31. Qe4 Qxe4 32. Rxe4 Rh1+
33. Kg2 Rxa1 34. a3 Rc1 35. b4 cxb4 36. axb4 Rc8 37. c5 b6 38. cxb6 axb6 39.
Re6 Kb7 40. b5 R1c5 41. Rg6 Rxb5 42. Kh3 Rb4 43. Rg7+ Rc7 44. Rg6 b5 45. g4
Rh7+ 46. Kg3 Rc4 47. g5 b4 48. Rf6 Rg7 49. g6 Rc6 0-1

[Event "Cto Preferente Norte Individual"]
[Site "Centre Polivalent - C/ Isaac P"]
[Date "2011.11.26"]
[Round "7"]
[White "Gadea Iafigliola, Gabriel Ferna"]
[Black "Chakrian, Tigran"]
[Result "0-1"]
[WhiteElo "1924"]
[BlackElo "1897"]
[PlyCount "116"]
[EventDate "2011.10.01"]
[EventRounds "7"]
[EventCountry "ESP"]

1. d4 d5 2. Nf3 Nf6 3. e3 e6 4. Bd3 c5 5. b3 Be7 6. O-O Nbd7 7. Nbd2 O-O 8. Bb2
b6 9. Qe2 Bb7 10. e4 dxe4 11. Nxe4 Nxe4 12. Bxe4 Bxe4 13. Qxe4 Bf6 14. Rad1 Qc7
15. c4 Rfd8 16. Rfe1 Rac8 17. Qe2 cxd4 18. Nxd4 Bxd4 19. Rxd4 Nf6 20. Red1 Rxd4
21. Rxd4 Rd8 22. Qd3 Rxd4 23. Qxd4 Qd7 24. Qxd7 Nxd7 25. b4 f6 26. Kf1 Kf7 27.
Ke2 e5 28. Ke3 Ke6 29. f4 exf4+ 30. Kxf4 Nb8 31. g4 Nd7 32. h4 g6 33. Bd4 Kd6
34. Ke4 Ke6 35. c5 bxc5 36. bxc5 Nb8 37. Be3 a6 38. Bf4 Nc6 39. a3 Na7 40. a4
Nc6 41. Bd6 Nd8 42. Kd4 Nc6+ 43. Kc4 Ne5+ 44. Bxe5 Kxe5 45. c6 $4 Kd6 46. c7
Kxc7 47. Kd5 Kb6 $2 48. Ke6 Ka5 49. Kxf6 Kxa4 50. Kg7 Kb5 51. Kxh7 a5 52. Kxg6
$4 a4 53. h5 a3 54. h6 a2 55. h7 a1=Q 56. g5 Kc6 57. Kh6 Kd7 58. g6 Qf6 0-1

[Event "Cto Preferente Norte Individual"]
[Site "Centre Polivalent - C/ Isaac P"]
[Date "2011.11.26"]
[Round "7"]
[White "Pino Fernandez, David"]
[Black "Guerra Reig, Juan"]
[Result "0-1"]
[WhiteElo "1781"]
[BlackElo "2087"]
[PlyCount "82"]
[EventDate "2011.10.01"]
[EventRounds "7"]
[EventCountry "ESP"]

1. d4 d5 2. c4 c6 3. Nc3 Nf6 4. e3 e6 5. Nf3 Bd6 6. Bd3 Nbd7 7. Bd2 O-O 8. O-O
dxc4 9. Bxc4 b5 10. Bd3 Bb7 11. Rc1 Rc8 12. Ne4 Nxe4 13. Bxe4 Nf6 14. Bd3 Qe7
15. Qe2 a6 16. a4 Nd5 17. axb5 cxb5 18. e4 Nf4 19. Qe3 Nxd3 20. Qxd3 h6 21. h3
Rfd8 22. Rxc8 Rxc8 23. Rc1 Rxc1+ 24. Bxc1 Qc7 25. Bd2 Qc6 26. e5 Be7 27. Kf1 b4
28. Ne1 a5 29. Qc2 Ba6+ 30. Kg1 Qb5 31. Kh2 Qf1 32. Qc7 Bh4 33. Qxa5 Qxf2 34.
Qxa6 Bg3+ 35. Kh1 Qxd2 36. Qa8+ Kh7 37. Qe4+ g6 38. d5 Qxe1+ 39. Qxe1 Bxe1 40.
d6 Bh4 41. Kg1 Kg7 0-1

[Event "Cto Preferente Norte Individual"]
[Site "Centre Polivalent - C/ Isaac P"]
[Date "2011.11.26"]
[Round "7"]
[White "Gomez Ibanez, David"]
[Black "Benedito Salavert, Jaime"]
[Result "0-1"]
[WhiteElo "1917"]
[BlackElo "1993"]
[PlyCount "62"]
[EventDate "2011.10.01"]
[EventRounds "7"]
[EventCountry "ESP"]

1. d4 Nf6 2. Nf3 e6 3. c4 c5 4. e3 cxd4 5. exd4 d5 6. Be2 Bb4+ 7. Bd2 Bxd2+ 8.
Nbxd2 Nc6 9. O-O O-O 10. a3 Ne4 11. cxd5 exd5 12. b4 $4 Nc3 13. Qe1 Re8 14. Ne5
Nxe5 15. dxe5 Rxe5 16. Kh1 Rxe2 17. Qc1 Ne4 18. Nxe4 Rxe4 19. Qc5 Rc4 20. Qe3
Be6 21. Rad1 Qf6 22. Rd3 d4 23. Qd2 Rac8 24. Rf3 Qe5 25. Rg1 Rc2 26. Qf4 Qxf4
27. Rxf4 Rc1 28. f3 Rxg1+ 29. Kxg1 Rd8 30. Kf1 d3 31. Ke1 d2+ 0-1

[Event "Cto Preferente Norte Individual"]
[Site "Centre Polivalent - C/ Isaac P"]
[Date "2011.11.26"]
[Round "7"]
[White "Albert Garrote, Amadeo"]
[Black "Pales Garcia, Pere"]
[Result "0-1"]
[WhiteElo "1868"]
[BlackElo "1900"]
[PlyCount "76"]
[EventDate "2011.10.01"]
[EventRounds "7"]
[EventCountry "ESP"]

1. d4 e6 2. c3 f5 3. Qc2 Nf6 4. Bg5 d5 5. Nd2 Bd6 6. O-O-O O-O 7. f3 h6 8. Bxf6
Qxf6 9. e4 Bf4 10. Bd3 Nd7 11. Kb1 c5 12. e5 Qe7 13. Nf1 h5 14. g3 Bh6 15. f4
b5 16. Bxb5 Rb8 17. Be2 g6 18. Nf3 cxd4 19. Nxd4 Rb6 20. c4 Bb7 21. Bf3 Rc8 22.
Ne3 Nxe5 23. Nexf5 gxf5 24. fxe5 Rxc4 25. Qg2 Be3 26. Nc2 d4 27. Rd3 Rc3 28.
Rxc3 dxc3 29. b3 Bd2 30. Bxb7 Qxb7 31. Qxb7 Rxb7 32. Na3 Rd7 33. Nc4 Rd5 34.
Kc2 Kh7 35. Rf1 Kg6 36. Rf2 Kg5 37. b4 Kg4 38. a4 Rd4 0-1

[Event "Cto Preferente Norte Individual"]
[Site "Centre Polivalent - C/ Isaac P"]
[Date "2011.11.26"]
[Round "7"]
[White "Biasoli Lopez, Alain"]
[Black "Garcia Martinez, Cesar"]
[Result "1/2-1/2"]
[WhiteElo "1937"]
[BlackElo "1997"]
[PlyCount "41"]
[EventDate "2011.10.01"]
[EventRounds "7"]
[EventCountry "ESP"]

1. e4 c5 2. Nf3 d6 3. d4 cxd4 4. Nxd4 Nf6 5. Nc3 g6 6. Be3 Bg7 7. f3 O-O 8. Bc4
Nc6 9. Qd2 a6 10. O-O Nxd4 11. Bxd4 b5 12. Bd5 Nxd5 13. Nxd5 Bxd4+ 14. Qxd4 Be6
15. h4 Rc8 16. h5 Bxd5 17. hxg6 fxg6 18. Qxd5+ Kg7 19. Qd4+ Kg8 20. Qd5+ Kg7
21. Qd4+ 1/2-1/2

[Event "Cto Preferente Norte Individual"]
[Site "Centre Polivalent - C/ Isaac P"]
[Date "2011.11.26"]
[Round "7"]
[White "Benito Vicente, Jose Oscar"]
[Black "Anguix Gomez, Exuperio"]
[Result "1-0"]
[WhiteElo "1973"]
[BlackElo "1900"]
[PlyCount "75"]
[EventDate "2011.10.01"]
[EventRounds "7"]
[EventCountry "ESP"]

1. b3 d5 2. Bb2 Nf6 3. e3 Bg4 4. Bb5+ c6 5. Be2 Bxe2 6. Nxe2 e6 7. O-O Bd6 8.
f4 O-O 9. Ng3 Nbd7 10. d4 Qe7 11. Nd2 Ba3 12. Bxa3 Qxa3 13. c4 Qe7 14. c5 b6
15. b4 a5 16. a3 axb4 17. axb4 b5 18. h3 Qd8 19. Qc2 Ne8 20. Nb3 f5 21. Na5 Qc7
22. Ra3 Nef6 23. Rfa1 Ra6 24. Nb3 Rxa3 25. Rxa3 h6 26. Qa2 Rb8 27. Ra7 Rb7 28.
Ra8+ Kh7 29. Na5 Ra7 30. Rxa7 Qxa7 31. Qe2 Qc7 32. Nh1 Nb8 33. Nf2 Na6 34. Qe1
g6 35. Nd3 Nd7 36. Qh4 Nf8 37. Qf6 Nb8 38. Qxf8 1-0

[Event "Cto Preferente Norte Individual"]
[Site "Centre Polivalent - C/ Isaac P"]
[Date "2011.11.26"]
[Round "7"]
[White "Nieves Cabanes, Jose Manuel"]
[Black "Davidovas Chananovas, Norman"]
[Result "0-1"]
[WhiteElo "1813"]
[BlackElo "1751"]
[PlyCount "56"]
[EventDate "2011.10.01"]
[EventRounds "7"]
[EventCountry "ESP"]

1. d4 Nf6 2. Nf3 g6 3. g3 Bg7 4. Bg2 O-O 5. O-O d6 6. c4 Nbd7 7. Nc3 c5 8. d5
Ng4 9. Bf4 Nde5 10. Nd2 a6 11. h3 Nh6 12. g4 f5 13. g5 Nhf7 14. Bxe5 Bxe5 15.
f4 Bxc3 16. bxc3 b5 17. Rb1 Rb8 18. h4 e5 19. e4 exf4 20. Rxf4 Ne5 21. cxb5
axb5 22. Qe2 Qa5 23. c4 Qxa2 24. cxb5 c4 25. Rc1 Nd3 26. Rff1 Nxc1 27. Rxc1 c3
28. exf5 Qxd2 0-1

[Event "Cto Preferente Norte Individual"]
[Site "Centre Polivalent - C/ Isaac P"]
[Date "2011.11.26"]
[Round "7"]
[White "Poveda Cano, Luis"]
[Black "Hompanera Lopez, Enrique"]
[Result "1/2-1/2"]
[WhiteElo "1875"]
[BlackElo "1905"]
[PlyCount "42"]
[EventDate "2011.10.01"]
[EventRounds "7"]
[EventCountry "ESP"]

1. d4 Nf6 2. c4 e6 3. Nc3 d5 4. Nf3 Be7 5. Bg5 h6 6. Bh4 O-O 7. e3 b6 8. Rc1
Bb7 9. Bxf6 Bxf6 10. cxd5 exd5 11. b4 a5 12. a3 Qe7 13. Qb3 Rd8 14. Be2 axb4
15. axb4 c6 16. O-O Nd7 17. Ra1 Nf8 18. Na4 Nd7 19. Rac1 g5 20. Nc3 Nf8 21. Bd3
Ne6 1/2-1/2

[Event "Cto Preferente Norte Individual"]
[Site "Centre Polivalent - C/ Isaac P"]
[Date "2011.11.26"]
[Round "7"]
[White "Forano Civera, Miguel"]
[Black "Molina Cabaleiro, Juan Jose"]
[Result "0-1"]
[WhiteElo "1992"]
[BlackElo "1798"]
[PlyCount "48"]
[EventDate "2011.10.01"]
[EventRounds "7"]
[EventCountry "ESP"]

1. e4 e5 2. Nf3 Nc6 3. d4 exd4 4. Nxd4 d6 5. Nc3 Bd7 6. Nxc6 Bxc6 7. Bd3 Nf6 8.
Bd2 Qd7 9. Qe2 Be7 10. h3 a6 11. f4 h6 12. e5 dxe5 13. fxe5 Nd5 14. Qf2 Nxc3
15. Bxc3 Qd5 16. Rf1 O-O-O 17. Qa7 Bh4+ 18. g3 Bxg3+ 19. Ke2 g6 20. Rad1 Qg2+
21. Ke3 b5 22. a4 Bh4 23. Rxf7 Bg5+ 24. Rf4 Qf3+ 0-1

[Event "PREFERENTE, Elche 2011"]
[Site "Centro de Congresos "]
[Date "2011.10.01"]
[Round "1"]
[White "Balaguer, Cuinas Pedro"]
[Black "Erades Berenguer, Ana"]
[Result "1-0"]
[WhiteElo "1995"]
[BlackElo "1415"]
[PlyCount "47"]
[EventDate "2011.10.01"]
[EventRounds "7"]
[EventCountry "ESP"]

1. Nf3 Nf6 2. g3 g6 3. Bg2 Bg7 4. O-O O-O 5. c4 c5 6. Nc3 Nc6 7. d3 e5 8. Rb1
Re8 9. a3 d5 10. Bg5 d4 11. Ne4 b6 12. Nxd4 Nxd4 13. e3 Bg4 14. Nxf6+ Bxf6 15.
Qxg4 Bxg5 16. exd4 Rc8 17. d5 f5 18. Qd1 Qd7 19. Re1 b5 20. Qc2 a5 21. cxb5
Qxb5 22. Qc4 Qb6 23. d6+ Kg7 24. d7 1-0

[Event "PREFERENTE, Elche 2011"]
[Site "Centro de Congresos "]
[Date "2011.10.01"]
[Round "1"]
[White "Ramirez, Ramirez  Jose David"]
[Black "Crespo Hurtado, Emilio Jose"]
[Result "0-1"]
[WhiteElo "1401"]
[BlackElo "1951"]
[PlyCount "96"]
[EventDate "2011.10.01"]
[EventRounds "7"]
[EventCountry "ESP"]

1. e4 e6 2. d4 d5 3. e5 c5 4. c3 Qb6 5. Nf3 Nc6 6. a3 c4 7. Nbd2 Na5 8. Rb1 Bd7
9. b3 cxb3 10. Nxb3 Ba4 11. Nxa5 Qxa5 12. Qd2 b5 13. Bd3 Rc8 14. Bb2 g6 15. g4
h5 16. g5 Bb3 17. Ra1 Ne7 18. O-O Nf5 19. h4 Bc4 20. Bxc4 Rxc4 21. Ra2 Be7 22.
Rfa1 O-O 23. Kh2 Rfc8 24. Rc1 Ra4 25. Rca1 Qa6 26. Kh3 Bd8 27. Qd3 Ba5 28. Nd2
Qc6 29. Rc1 Bb6 30. Nb3 Qd7 31. Qd2 a5 32. Ba1 Rac4 33. Rcc2 Qc6 34. Qd3 Nxd4
35. Nxd4 Bxd4 36. Kg2 Bxe5 37. Rab2 Bxc3 38. Rxc3 d4+ 39. f3 dxc3 40. Rc2 b4
41. axb4 axb4 42. Kf2 b3 43. Rc1 b2 44. Bxb2 cxb2 45. Rb1 Rc2+ 46. Ke1 Rc1+ 47.
Kd2 Rxb1 48. Qxb1 Qc1+ 0-1

[Event "PREFERENTE, Elche 2011"]
[Site "Centro de Congresos "]
[Date "2011.10.01"]
[Round "1"]
[White "Perez, Rodriguez Fco  Javie"]
[Black "Nicolas Zapata, gines"]
[Result "1-0"]
[WhiteElo "1931"]
[BlackElo "1363"]
[PlyCount "59"]
[EventDate "2011.10.01"]
[EventRounds "7"]
[EventCountry "ESP"]

1. d4 d5 2. c4 c6 3. Nc3 Nf6 4. Nf3 Qb6 5. g3 Bf5 6. Bg2 e6 7. O-O Nbd7 8. c5
Qc7 9. Bf4 Qd8 10. Qb3 b6 11. cxb6 Qxb6 12. Qa4 Be7 13. Ne5 Nxe5 14. Bxe5 O-O
15. b3 c5 16. dxc5 Bxc5 17. Nb5 Ng4 18. Bd4 Bxd4 19. Nxd4 Bg6 20. Rac1 Rac8 21.
Nc6 Nxf2 22. Rxf2 Rc7 23. b4 Rfc8 24. Ne7+ Kf8 25. Rxc7 Rxc7 26. Nxg6+ hxg6 27.
Qa3 Rc4 28. Qf3 Rc1+ 29. Bf1 f6 30. a3 1-0

[Event "PREFERENTE, Elche 2011"]
[Site "Centro de Congresos "]
[Date "2011.10.01"]
[Round "1"]
[White "Oropesa Serrano, Nicolas"]
[Black "Sanchez, Trives Cayetano A"]
[Result "0-1"]
[WhiteElo "1269"]
[BlackElo "1907"]
[PlyCount "62"]
[EventDate "2011.10.01"]
[EventRounds "7"]
[EventCountry "ESP"]

1. e4 c5 2. Nf3 d6 3. d4 cxd4 4. Nxd4 Nf6 5. Bg5 Nxe4 6. Be3 e6 7. Bd3 Nf6 8.
O-O Be7 9. Nc3 O-O 10. Qf3 Nbd7 11. Ne4 Nxe4 12. Bxe4 d5 13. Bd3 Ne5 14. Qh5
Nxd3 15. cxd3 Bf6 16. Qg4 g6 17. Bh6 e5 18. Bxf8 Bxg4 19. Nb5 Kxf8 20. h3 Be2
21. Rfe1 Bxd3 22. a4 Qb6 23. Nc3 Rd8 24. Rad1 e4 25. g4 Qxb2 26. Nb5 Bh4 27.
Rb1 Qxf2+ 28. Kh1 Bg3 29. Rb2 Qxe1+ 30. Kg2 Bf1+ 31. Kh1 Bxh3# 0-1

[Event "PREFERENTE, Elche 2011"]
[Site "Centro de Congresos "]
[Date "2011.10.01"]
[Round "1"]
[White "Bouzidi, Mohamed"]
[Black "Coll Del Rey, Pedro"]
[Result "1/2-1/2"]
[WhiteElo "1889"]
[BlackElo "1779"]
[PlyCount "81"]
[EventDate "2011.10.01"]
[EventRounds "7"]
[EventCountry "ESP"]

1. d4 d5 2. c4 e6 3. Nc3 Nf6 4. Bg5 Be7 5. e3 c6 6. Nf3 Nbd7 7. Qc2 O-O 8. Bd3
h6 9. Bh4 dxc4 10. Bxc4 Nd5 11. Bxe7 Qxe7 12. Ne2 Qb4+ 13. Nd2 Qe7 14. O-O e5
15. Qe4 Qb4 16. Rfd1 exd4 17. Qxd4 N7f6 18. e4 c5 19. Qd3 Nb6 20. Bb3 Bg4 21.
f3 Bh5 22. a3 Qa5 23. Nf4 Rfd8 24. Qe3 Kh8 25. Nxh5 Nxh5 26. Bxf7 Nf6 27. g4
Qb5 28. g5 Qd7 29. Bb3 Ng8 30. Nc4 Qe7 31. h4 Nd7 32. Nd6 Ne5 33. Nf5 Qf8 34.
Bxg8 Kxg8 35. gxh6 g6 36. Rd5 Rxd5 37. exd5 Qxf5 38. f4 Qg4+ 39. Kf1 Qf3+ 40.
Qxf3 Nxf3 41. Ke2 1/2-1/2

[Event "PREFERENTE, Elche 2011"]
[Site "Centro de Congresos "]
[Date "2011.10.01"]
[Round "1"]
[White "Amoros Perez, Manuel"]
[Black "Coves Sepulcre, Laureano"]
[Result "0-1"]
[WhiteElo "1747"]
[BlackElo "1885"]
[PlyCount "78"]
[EventDate "2011.10.01"]
[EventRounds "7"]
[EventCountry "ESP"]

1. e4 c5 2. Nf3 g6 3. d4 cxd4 4. Nxd4 Bg7 5. Bc4 Nc6 6. Nxc6 bxc6 7. O-O Nf6 8.
Qf3 O-O 9. Nc3 Qc7 10. Bf4 d6 11. Rfe1 Ng4 12. h3 Ne5 13. Qe2 Nxc4 14. Qxc4 Be6
15. Qd3 Rab8 16. b3 f5 17. Bd2 f4 18. f3 Qb6+ 19. Kh1 Kh8 20. Na4 Qd4 21. Bc3
Qxd3 22. cxd3 Bxc3 23. Nxc3 Kg7 24. Rac1 c5 25. Red1 Rfc8 26. Ne2 g5 27. Rc3
Kf6 28. Kg1 a5 29. d4 cxd4 30. Rxc8 Rxc8 31. Nxd4 Bd7 32. Rd2 h5 33. Rc2 Rxc2
34. Nxc2 Ke5 35. Kf2 d5 36. exd5 Kxd5 37. g4 h4 38. a4 e5 39. b4 Bxa4 0-1

[Event "PREFERENTE, Elche 2011"]
[Site "Centro de Congresos "]
[Date "2011.10.01"]
[Round "1"]
[White "Canicio Navarro, Sonia"]
[Black "Serrano Torres, Vicente"]
[Result "1-0"]
[WhiteElo "1873"]
[BlackElo "1718"]
[PlyCount "133"]
[EventDate "2011.10.01"]
[EventRounds "7"]
[EventCountry "ESP"]

1. d4 d5 2. c4 e6 3. Nc3 Nf6 4. Bg5 Nbd7 5. e3 Be7 6. Nf3 O-O 7. Qc2 Re8 8.
cxd5 Nxd5 9. Bxe7 Qxe7 10. Nxd5 exd5 11. Qxc7 Qb4+ 12. Qc3 a5 13. Bd3 Nf6 14.
O-O Bg4 15. Nd2 Rac8 16. Qxb4 axb4 17. Rfc1 Kf8 18. Nb3 b6 19. Rxc8 Rxc8 20. f3
Bd7 21. Rc1 h6 22. g4 Ke7 23. Rxc8 Bxc8 24. Bb5 g5 25. h3 Ne8 26. Bxe8 Kxe8 27.
Nc1 Ba6 28. Kf2 Ke7 29. Kg3 Ke6 30. h4 f6 31. f4 Bc4 32. hxg5 hxg5 33. Kf3 Ba6
34. Ne2 Bc4 35. a3 bxa3 36. bxa3 b5 37. Nc3 Bd3 38. fxg5 fxg5 39. Nd1 Kd6 40.
Nf2 Bc4 41. Nh3 Ke7 42. Nxg5 Kf6 43. Kf4 Bd3 44. Nf3 Be4 45. g5+ Kg6 46. Ne5+
Kg7 47. g6 Kf6 48. Kg4 Kg7 49. Kf4 Bc2 50. Nc6 Kxg6 51. Ne7+ Kf6 52. Nxd5+ Kf7
53. e4 Bd3 54. Nb4 Bc4 55. d5 Ke7 56. e5 Kd7 57. Ke4 Ke7 58. Kd4 Bf1 59. Kc5
Be2 60. Nc6+ Kd7 61. Nd4 Bf1 62. Nxb5 Be2 63. a4 Bf3 64. a5 Kc8 65. e6 Bg4 66.
e7 Bd7 67. Nd6+ 1-0

[Event "PREFERENTE, Elche 2011"]
[Site "Centro de Congresos "]
[Date "2011.10.01"]
[Round "1"]
[White "Cartagena Valero, Ricardo"]
[Black "Candela Ibarra, Antonio"]
[Result "0-1"]
[WhiteElo "1570"]
[BlackElo "1854"]
[PlyCount "100"]
[EventDate "2011.10.01"]
[EventRounds "7"]
[EventCountry "ESP"]

1. e4 e5 2. Nf3 Nc6 3. Bc4 Be7 4. O-O Nf6 5. d3 O-O 6. Nc3 d6 7. Be3 Bg4 8. a3
a6 9. Nd5 Nxd5 10. Bxd5 Kh8 11. h3 Bd7 12. Qd2 f5 13. Bg5 f4 14. Bxe7 Qxe7 15.
c3 Rf6 16. Nh2 Rg6 17. Kh1 Rf8 18. f3 Rg3 19. Rf2 Rf6 20. d4 Rfg6 21. Nf1 R3g5
22. Nh2 Nd8 23. Ng4 h5 24. Nh2 Rg3 25. Nf1 R3g5 26. h4 Rg3 27. dxe5 Qxh4+ 28.
Nh2 dxe5 29. b4 Qg5 30. Bb3 Rd6 31. Qc2 Ne6 32. Rd1 Nf8 33. Rxd6 cxd6 34. Qd3
Qe7 35. Rd2 Rg6 36. c4 Qh4 37. Qf1 Qd8 38. Qf2 Qg5 39. c5 Qg3 40. Qg1 dxc5 41.
bxc5 h4 42. Ng4 Bxg4 43. fxg4 Qxb3 44. Qc1 Qe3 45. Qc2 Qe1+ 46. Kh2 Qg3+ 47.
Kh1 Qxg4 48. Rd8 Rf6 49. Qc3 f3 50. Rd2 f2 0-1

[Event "PREFERENTE, Elche 2011"]
[Site "Centro de Congresos "]
[Date "2011.10.01"]
[Round "1"]
[White "Fuentes Reyes, Diego"]
[Black "Lledo Moll, Carles"]
[Result "1-0"]
[WhiteElo "1832"]
[BlackElo "1539"]
[PlyCount "37"]
[EventDate "2011.10.01"]
[EventRounds "7"]
[EventCountry "ESP"]

1. d4 d5 2. c4 c6 3. Nc3 Nf6 4. Nf3 Bf5 5. e3 Nbd7 6. cxd5 cxd5 7. Qb3 Nb6 8.
a4 a5 9. Ne5 Ng4 10. Bb5+ Nd7 11. Qxd5 Ngxe5 12. Qxe5 e6 13. e4 Bg6 14. d5 Qf6
15. Qc7 Qe7 16. Qxb7 Rd8 17. O-O exd5 18. Nxd5 Bxe4 19. Nc7# 1-0

[Event "PREFERENTE, Elche 2011"]
[Site "Centro de Congresos "]
[Date "2011.10.01"]
[Round "1"]
[White "Senabre Pascual, Eduardo"]
[Black "Lidon Cabrera, German"]
[Result "0-1"]
[WhiteElo "1436"]
[BlackElo "1779"]
[PlyCount "76"]
[EventDate "2011.10.01"]
[EventRounds "7"]
[EventCountry "ESP"]

1. e4 e5 2. Nf3 Nc6 3. d4 exd4 4. Nxd4 Nxd4 5. Qxd4 c5 6. Qe5+ Qe7 7. Qxe7+
Bxe7 8. Nc3 a6 9. e5 Bd8 10. Be3 b6 11. Ne4 Bc7 12. f4 Ne7 13. O-O-O O-O 14. g4
Ng6 15. Nd6 Bxd6 16. Rxd6 Bb7 17. Rg1 Bc6 18. Bg2 Rfc8 19. Bxc6 dxc6 20. Rh1
Kf8 21. h4 Ne7 22. c4 Rd8 23. Rhd1 Ke8 24. h5 Rxd6 25. exd6 Ng8 26. g5 Kd7 27.
f5 Re8 28. Re1 Re4 29. b3 Rh4 30. h6 gxh6 31. gxh6 Nxh6 32. Bxh6 Rxh6 33. Re7+
Kxd6 34. Rxf7 Ke5 35. Kc2 b5 36. cxb5 axb5 37. Rf8 Rh2+ 38. Kb1 h5 0-1

[Event "PREFERENTE, Elche 2011"]
[Site "Centro de Congresos "]
[Date "2011.10.22"]
[Round "2"]
[White "Crespo Hurtado, Emilio Jose"]
[Black "Rodriguez Moreno, Ricardo"]
[Result "1-0"]
[WhiteElo "1951"]
[BlackElo "1690"]
[PlyCount "75"]
[EventDate "2011.10.01"]
[EventRounds "7"]
[EventCountry "ESP"]

1. c4 c6 2. g3 d5 3. Bg2 Nf6 4. Nf3 dxc4 5. Qc2 Bg4 6. Qxc4 e6 7. Ne5 Bf5 8.
Nc3 Nbd7 9. Nxd7 Qxd7 10. e4 Bg6 11. d4 b5 12. Qd3 Nd5 13. O-O Be7 14. f4 Nxc3
15. Qxc3 h6 16. f5 Bh7 17. e5 Bxf5 18. Bxc6 Rc8 19. Bxd7+ Kxd7 20. Qa5 Kc6 21.
a4 Rb8 22. Be3 Rhc8 23. axb5+ Kd7 24. Qxa7+ Ke8 25. Rac1 Be4 26. Rxc8+ Rxc8 27.
Rc1 Ra8 28. Qxa8+ Bxa8 29. Rc8+ Kd7 30. Rxa8 Bd8 31. Rxd8+ Kxd8 32. Bd2 Kc7 33.
Ba5+ Kb7 34. Kf2 Ka7 35. Ke3 Kb7 36. d5 exd5 37. Kd4 f5 38. exf6 1-0

[Event "PREFERENTE, Elche 2011"]
[Site "Centro de Congresos "]
[Date "2011.10.22"]
[Round "2"]
[White "Martin Sala, David"]
[Black "Perez, Rodriguez Fco  Javie"]
[Result "1/2-1/2"]
[WhiteElo "1532"]
[BlackElo "1931"]
[PlyCount "138"]
[EventDate "2011.10.01"]
[EventRounds "7"]
[EventCountry "ESP"]

1. c4 e6 2. g3 d5 3. cxd5 exd5 4. Bg2 Nf6 5. Nc3 c6 6. b3 Bf5 7. Bb2 Nbd7 8.
Nf3 Bd6 9. O-O O-O 10. d3 Qe7 11. h3 Rfe8 12. Re1 Bb4 13. a3 Bd6 14. Qc2 h6 15.
Nd1 Qf8 16. Ne3 Bh7 17. b4 Bxg3 18. Nxd5 Bxf2+ 19. Kxf2 Nxd5 20. Qd2 Ne3 21.
Bd4 Nxg2 22. Kxg2 Qd6 23. Bf2 Nf6 24. Bg3 Qd5 25. e4 Qh5 26. Rac1 Nd7 27. Qb2
f6 28. Qb3+ Kh8 29. Nd4 Bg8 30. Qc3 Ne5 31. Re3 Rad8 32. Nf3 Nxf3 33. Rxf3 Be6
34. Rh1 Rd7 35. h4 Red8 36. Re3 Qg4 37. Kf2 f5 38. Be5 f4 39. Reh3 Qxh3 40.
Rxh3 Bxh3 41. d4 Rf7 42. Qxh3 f3 43. Qe6 Rdd7 44. Qe8+ Kh7 45. Qe6 a6 46. h5
Kg8 47. Qc4 Kh7 48. Qe6 Kg8 49. a4 Kh7 50. a5 Kg8 51. Qg6 Rde7 52. Qg4 Rd7 53.
Qe6 Kh7 54. Qe8 Rde7 55. Qd8 Rd7 56. Qh4 Kg8 57. Qg4 Kh7 58. Qg6+ Kg8 59. Qg4
Kh7 60. Qe6 Kg8 61. Qg6 Rde7 62. Qg3 Rd7 63. Qg4 Kh7 64. Qg6+ Kg8 65. Qe6 Kh7
66. Qg6+ Kg8 67. Qe6 Kh7 68. Qg6+ Kg8 69. Qe6 Kh7 1/2-1/2